Matt Dillon Movies - Statistics

General Stats
  • This quiz has been taken 4 times
  • The average score is 3 of 16
Answer Stats
Release Year Costars Movie % Correct
1983 Patrick Swayze, Tom Cruise The Outsiders
100%
1983 Diane Lane, Nicolas Cage Rumble Fish
50%
1998 Ben Stiller, Cameron Diaz There's Something About Mary
50%
1998 Neve Campbell, Kevin Bacon Wild Things
50%
1996 Faye Dunaway, Viggo Mortensen Albino Alligator
0%
2022 Tom Hanks, Margot Robbie Asteroid City
0%
2002 James Caan, Stellan Skarsgard City of Ghosts
0%
2004 Sandra Bullock, Terrence Howard Crash
0%
2017 Michael Caine, Morgan Freeman Going in Style
0%
2009 Robin Williams, John Travolta Old Dogs
0%
2010 Hayden Christensen, Idris Elba Takers
0%
1985 Gene Hackman, Josef Summer Target
0%
1984 Hector Elizondo, Jessica Walter The Flamingo Kid
0%
2018 Bruno Ganz, Uma Thurman The House That Jack Built
0%
1995 Nicole Kidman, Joaquin Phoenix To Die For
0%
2006 Owen Wilson, Kate Hudson You, Me and Dupree
0%
No matching quizzes found
Score Distribution
Percent of People with Each Score
Percentile by Number Answered
Your Score History
You have not taken this quiz